[Event "CZE-ch Juniors op-A"]
[Site "Kouty nad Desnou"]
[Date "2009.03.12"]
[Round "7"]
[White "Valenta, Vit Sr"]
[Black "Havlik, Jindrich"]
[Result "1-0"]
[WhiteElo "2248"]
[BlackElo "2116"]
[PlyCount "99"]
[EventDate "2009.03.07"]
[EventType "swiss"]
[EventRounds "9"]
[EventCountry "CZE"]
[SourceTitle "EXT 2011"]
[Source "ChessBase"]
[SourceDate "2010.11.26"]
[SourceVersion "1"]
[SourceVersionDate "2010.11.26"]
[SourceQuality "1"]

1. e4 e6 2. d4 d5 3. Nc3 Bb4 4. a3 Bxc3+ 5. bxc3 dxe4 6. Qg4 Nf6 7. Qxg7 Rg8 8. Qh6 Nbd7 9. Ne2 b6 10. g3 Bb7 11. Bg2 Qe7 12. a4 Qd6 13. 0-0 0-0-0 14. a5 Kb8 15. axb6 axb6 16. Ba3 Qd5 17. Be7 Ng4 18. Qc1 Rde8 19. Qa3 Qh5 20. h3 Nh2 21. g4 Rxg4 22. Ng3 Rxg3 23. fxg3 Nxf1 24. Rxf1 f5 25. Bh4 e5 26. Ra1 Kc8 27. Bf1 exd4 28. Ba6 Nb8 29. Bc4 Qg6 30. Qb3 Qc6 31. Bb5 Qe6 32. Bxe8 Qxe8 33. cxd4 f4 34. gxf4 Nc6 35. Qd5 Nb4 36. Qf5+ Kb8 37. Qxh7 e3 38. Kh2 Be4 39. Qg7 Nxc2 40. Rc1 e2 41. Qe5 Qg6 42. Rg1 Qc6 43. f5 Ne3 44. Rg8+ Kb7 45. f6 Qc2 46. Be1 Nf1+ 47. Kg1 Qd3 48. Qf4 Qxd4+ 49. Qf2 Qxf2+ 50. Kxf2 1-0

[Event "CZE-ch Juniors op-A"]
[Site "Kouty nad Desnou"]
[Date "2009.03.11"]
[Round "6"]
[White "Hlavac, Rudolf"]
[Black "Valenta, Vit Sr"]
[Result "0-1"]
[WhiteElo "2095"]
[BlackElo "2248"]
[PlyCount "64"]
[EventDate "2009.03.07"]
[EventType "swiss"]
[EventRounds "9"]
[EventCountry "CZE"]
[SourceTitle "EXT 2011"]
[Source "ChessBase"]
[SourceDate "2010.11.26"]
[SourceVersion "1"]
[SourceVersionDate "2010.11.26"]
[SourceQuality "1"]

1. e4 c5 2. Nf3 e6 3. d4 cxd4 4. Nxd4 a6 5. c4 Qc7 6. Bd3 Nc6 7. Nxc6 dxc6 8. 0-0 e5 9. Nc3 Nf6 10. Bg5 Be7 11. Qc2 h6 12. Be3 Ng4 13. Bd2 Bc5 14. Na4 Bd4 15. c5 Be6 16. Nb6 Rd8 17. h3 Nf6 18. Ba5 Qe7 19. Nc4 Bxc4 20. Bxc4 Rd7 21. Rac1 0-0 22. Bb6 Nh5 23. Be2 Nf4 24. Kh2 Qg5 25. g3 Nxe2 26. Qxe2 f5 27. f4 exf4 28. gxf4 Be5 29. Rc2 Bxf4+ 30. Kh1 Qh4 31. Rf3 fxe4 32. Qxe4 Rd1+ 0-1